Handicaps of Indian handlooms (Record no. 10696)

000 -LEADER
fixed length control field 00413pab a2200169 454500
008 - FIXED-LENGTH DATA ELEMENTS--GENERAL INFORMATION
fixed length control field 180718b1985 xxu||||| |||| 00| 0 eng d
100 ## - MAIN ENTRY--PERSONAL NAME
Personal name Rao, B. RamaKrishna
245 ## - TITLE STATEMENT
Title Handicaps of Indian handlooms
260 ## - PUBLICATION, DISTRIBUTION, ETC.
Date of publication, distribution, etc. 1985
300 ## - PHYSICAL DESCRIPTION
Extent 11-12,16
362 ## - DATES OF PUBLICATION AND/OR SEQUENTIAL DESIGNATION
Dates of publication and/or sequential designation Mar.
650 ## - SUBJECT ADDED ENTRY--TOPICAL TERM
Topical term or geographic name entry element Industry, Rural - India - Andhra Pradesh
700 ## - ADDED ENTRY--PERSONAL NAME
Personal name G. Subrahmanyam
773 ## - HOST ITEM ENTRY
Main entry heading Kurukshetra
908 ## - PUT COMMAND PARAMETER (RLIN)
Put command parameter N
909 ## -
-- 10696
Holdings
Withdrawn status Lost status Damaged status Not for loan Permanent Location Current Location Date acquired Serial Enumeration / chronology Barcode Date last seen Price effective from Koha item type
        Indian Institute of Public Administration Indian Institute of Public Administration 2018-07-19 Volume no: 33, Issue no: 6 AR10725 2018-07-19 2018-07-19 Articles

Powered by Koha